书目信息 |
| 题名: |
生物钟与药代动力学
|
|
| 作者: | 吴宝剑 主编 | |
| 分册: | ||
| 出版信息: | 北京 科学出版社 2020 |
|
| 页数: | 300页 | |
| 开本: | 26cm | |
| 丛书名: | ||
| 单 册: | ||
| 中图分类: | R969.1 | |
| 科图分类: | ||
| 主题词: | 生物钟--药物代谢动力学 | |
| 电子资源: | ||
| ISBN: | 978-7-03-065562-2 | |
| 000 | 01181cam0 2200229 450 | |
| 001 | 2256936868 | |
| 005 | 20220922154915.47 | |
| 010 | @a978-7-03-065562-2@dCNY128.00 | |
| 100 | @a20200911d2020 em y0chiy50 ea | |
| 101 | 0 | @achi |
| 102 | @aCN@b110000 | |
| 105 | @aak az 000yy | |
| 200 | 1 | @a生物钟与药代动力学@9sheng wu zhong yu yao dai dong li xue@f吴宝剑主编 |
| 210 | @a北京@c科学出版社@d2020 | |
| 215 | @a300页@c彩图@d26cm | |
| 320 | @a有书目 | |
| 330 | @a生物钟与药代动力学为新兴交叉领域,该领域的研究成果可直接用于指导临床药物的科学合理使用。本书分为上、中、下三篇共十三章。上篇为基础篇,简要介绍了生物钟系统、药代动力学、药物代谢酶与转运体;中篇为科研篇,介绍了生物钟与药代动力学的常用研究工具和方法、代谢酶与转运体的时辰节律调控;下篇为临床篇,介绍了高血压、高脂血症、类风湿关节炎、癌症、哮喘等疾病的病因、治疗药物和药代动力学的节律及时辰治疗。全书详细阐述了生物钟与药代动力学的基础理论、研究进展及临床应用,全方位展示了药物代谢酶/转运体表达与活性的时辰节律,以及时钟基因对药物代谢酶/转运体的调控效应与作用机制。 | |
| 606 | 0 | @a生物钟@x药物代谢动力学 |
| 690 | @aR969.1@v5 | |
| 701 | 0 | @a吴宝剑@9wu bao jian@4主编 |
| 801 | 0 | @aCN@b91MARC@c20200911 |
| 905 | @aZUCC@dR969.1@e4 | |
| 生物钟与药代动力学/吴宝剑主编.-北京:科学出版社,2020 |
| 300页:彩图;26cm |
| ISBN 978-7-03-065562-2:CNY128.00 |
| 生物钟与药代动力学为新兴交叉领域,该领域的研究成果可直接用于指导临床药物的科学合理使用。本书分为上、中、下三篇共十三章。上篇为基础篇,简要介绍了生物钟系统、药代动力学、药物代谢酶与转运体;中篇为科研篇,介绍了生物钟与药代动力学的常用研究工具和方法、代谢酶与转运体的时辰节律调控;下篇为临床篇,介绍了高血压、高脂血症、类风湿关节炎、癌症、哮喘等疾病的病因、治疗药物和药代动力学的节律及时辰治疗。全书详细阐述了生物钟与药代动力学的基础理论、研究进展及临床应用,全方位展示了药物代谢酶/转运体表达与活性的时辰节律,以及时钟基因对药物代谢酶/转运体的调控效应与作用机制。 |
| ● |
| 相关链接 |
|
|
|
正题名:生物钟与药代动力学
索取号:R969.1/4
 
预约/预借
| 序号 | 登录号 | 条形码 | 馆藏地/架位号 | 状态 | 备注 |
| 1 | 2000902285 | 2000902285 | 第三书库/ [索取号:R969.1/4] | 在馆 | |
| 2 | 2000902286 | 2000902286 | 第三书库/ [索取号:R969.1/4] | 在馆 | |
| 3 | 2000902287 | 2000902287 | 第三书库/ [索取号:R969.1/4] | 在馆 |